Statistiques concernant 20 pays les plus touristiques du Monde

Cliquez ici pour prendre le quiz!

Statistiques générales

  • Ce quiz a été pris 688 fois
  • Le résultat moyen est 16 sur 20

Statistiques - réponses

rangnb de touristes /anréponse% Correct
189 millionsFrance
100%
283 millionsEspagne
98%
380 millionsEtats-Unis
98%
564 millionsItalie
96%
465 millionsChine
95%
1131 millionsJapon
94%
840 millionsRoyaume-Uni
93%
939 millionsAllemagne
91%
1522 millionsCanada
91%
1425 millionsRussie
89%
745 millionsMexique
88%
1721 millionsPortugal
87%
2018 millionsInde
77%
1621 millionsGrèce
75%
651 millionsTurquie
66%
1039 millionsThaïlande
65%
1820 millionsPays-Bas
61%
1918 millionsPologne
57%
1231 millionsAutriche
48%
1327 millionsMalaisie
26%

Distribution des résultats

Percentile par nombre de réponses

% des personnes avec chaque résultat

Votre développement - résultats

Vous n’avez pas pris ce quiz